000 00977nam a22002417a 4500
999 _c18005
_d18005
003 OSt
005 20230324134619.0
008 230324b ||||| |||| 00| 0 eng d
040 _c0
082 _aDPer 570 J826 2021 v55 no. 1-5
100 _aAnđić, Branko.
_eauthor.
_948133
245 _aSensory perception and descriptions of morphological characteristic of vegetative plant organs by the blind :
_bimplementation in teaching /
_cBranko Anđić, Stanko Cvjetićanin, Mirjana Maričić, and Danijela Stešević
260 _aUnited Kingdom,
_bTaylor & Francis Group,
_cJune 2021.
300 _avolume 55, pages 321-339, illustration.
650 _aEducation.
_948134
650 _aBlind-Education.
_948135
650 _aMorphology.
_948136
700 _aAnđić, Branko.
_eauthor.
_948133
700 _aCvjetićanin, Stanko.
_eauthor.
_948137
700 _aMaričić, Mirjana.
_eauthor.
_948138
700 _aStešević, Danijela.
_eauthor.
_948139
942 _2ddc
_cPER